Die konstruktion der ägyptischen tür /

محفوظ في:

المؤلف الرئيسي: Koenigsberger, Otto H. (مؤلف)

التنسيق: كتاب

اللغة: German

منشور في: Glückstadt : Verlag von J. J. Augustin, 1936.

سلاسل: Agyptologische Forschungen ; 2.
AgForsch ; 2.

الموضوعات:

الوسوم: إضافة وسم

لا توجد وسوم, كن أول من يضع وسما على هذه التسجيلة!

رقم الطلب: DT57 .A4 v.2

LEADER 01062nam a2200313I 4500
001 5036
003 OSt
005 20260330141042.0
008 130303s1936 gw af b 000 0 ger d
010 |a ac 38001079 
035 |a ocm07150304 
040 |c ARCE Library 
050 4 |a DT57 .A4 v.2 
100 1 |a Koenigsberger, Otto H.,  |e author  |9 34079 
245 1 4 |a Die konstruktion der ägyptischen tür /  |c [von] Otto Koenigsberger. 
264 1 |a Glückstadt :  |b Verlag von J. J. Augustin,  |c 1936. 
300 |a x, 87 pages :   |b illustrations, xv plates ;   |c 30 cm. 
490 1 |a Agyptologische Forschungen ;   |v 2. 
490 1 |a AgForsch ;   |v 2. 
500 |a Issued also as inaugural dissertation, Technische hochschule, Berlin. 
504 |a "Verzeichnis und vollständige angabe der in den anmerkungen abgekürzten buchtitel": p. [81]-83. 
650 0 |a Doors. 
650 0 |a Doorways.  |9 3092 
650 0 |a Architecture, Egyptian. 
830 0 |a Agyptologische Forschungen ;   |v 2. 
830 0 |a AgForsch ;   |v 2. 
901 |a reviewed 
942 |c BK  |2 lcc 
999 |c 5427  |d 5427